Capitals With The Worst Airports - Statistics

General Stats
  • This quiz has been taken 22 times
    12 since last reset
  • The average score is 9 of 18
Answer Stats
# Capital % Correct
9 Freetown
78%
5 São Tomé
78%
5 Nuku'alofa
67%
6 Port-au-Prince
67%
3 Pyongyang
67%
6 Dili
56%
2 Funafuti
56%
1 Maseru
56%
6 Monrovia
56%
5 Moroni
56%
2 Sana'a
56%
4 Yaren
56%
6 Apia
44%
5 Bissau
44%
1 Dodoma
33%
8 Bern
22%
9 N'Djamena
22%
4 Tegucigalpa
11%
No matching quizzes found
Score Distribution
Percent of People with Each Score
Percentile by Number Answered
Your Score History
You have not taken this quiz since the last reset